000 01344nam a2200265Ia 4500
999 _c36872
_d36872
001 2822
003 GE_BSU
005 20190611183512.0
008 181216s2010||||ge |||||||||||||| ||geo||
020 _a9789941129162
040 _cGE_BSU
041 _ageo
080 _a821.222.1.1 ს–76
245 _aსპარსული პოეზიის შედევრები : 2 ტომად /:
_bტ. 1. /
_cსპარსულიდან თარგმნა მაგალი თოდუამ ; წინათქმა ეჰსან ხაზაი.
264 _aთბილისი :
_bუნივერსალი,
_c2010.
300 _a426 გვ. ;
_b23 სმ.
546 _aპარალ. თავფურ. და წინათქმა სპარს.
653 _aსპარსული პოეზია
700 _aრაბია ყაზდარის ასული
_eავტორი
_92417
700 _aშაჰიდ ბალხელი; რუდაქი
_eავტორი
_92418
700 _aქესაი მარაველი და სხვ.
_eავტორი
_92419
700 _aთოდუა, მაგალი
_eმთარგმნელი
_92420
700 _aხაზაი, ეჰსან
_eწინათქმა
_92421
942 _cBK
_2udc